Wszystkie piosenki i skity na których wystąpił Taco Hemingway - Statystyki

Ogólne statystyki
  • Ten quiz został rozwiązany 99 razy
    50 od ostatniego zresetowania
  • Średni wynik to 148 z 229
Statystyki odpowiedzi
Hint Odpowiedź % Poprawnych
1-800-OŚWIECENIE #2 - GRZĘZNĄĆ W CISZY
97%
1-800-OŚWIECENIE #6 - DOBRY JAK DOBRY
97%
Trójkąt warszawski | club2020 Mixtape - club2020 Trójkąt
97%
1-800-OŚWIECENIE #8 - KĄCIK KONSPIRACYJNY
94%
1-800-OŚWIECENIE #9 - SŁYSZY PAN?
94%
Trójkąt warszawski Marsz, Marsz
94%
1-800-OŚWIECENIE 1-800-OŚWIECENIE
91%
1-800-OŚWIECENIE #1 - WIELKOMIEJSKA BEZSENNOŚĆ
91%
1-800-OŚWIECENIE #4 - NESESER
91%
Umowa o dzieło 6 zer
91%
Trójkąt warszawski 900729
91%
Marmur Marmur
91%
Trójkąt warszawski Mięso
91%
Umowa o dzieło Następna stacja
91%
Szprycer Nostalgia
91%
1-800-OŚWIECENIE #10 - JESTEM
88%
1-800-OŚWIECENIE #11 - LUSTERKO WSTECZNE
88%
1-800-OŚWIECENIE #3 - TUTTO PASSA
88%
Umowa o dzieło +4822
88%
1-800-OŚWIECENIE #5 - GŁOSÓWKI DO REDAKCJI
88%
1-800-OŚWIECENIE #7 - PRACA DOMOWA
88%
POCZTÓWKA Z WWA, LATO '19 CZŁOWIEK Z DZIURĄ ZAMIAST KRTANI
88%
Europa Europa
88%
1-800-OŚWIECENIE Gelato
88%
1-800-OŚWIECENIE Makarena Freestyle
88%
1-800-OŚWIECENIE Mix Sałat
88%
Trójkąt warszawski Szlugi I Kalafiory
88%
Soma 0,5 mg (z Quebonafide) Tamagotchi
88%
0,25 mg (z Quebonafide) Tamagotchi - Remix
88%
POCZTÓWKA Z WWA, LATO '19 W PIĄTKI LEŻĘ W WANNIE
88%
Marmur Żyrandol
88%
1-800-OŚWIECENIE EINECEIWŚO 008-1
85%
1-800-OŚWIECENIE Nametag
85%
Jarmark Polskie Tango
85%
Trójkąt warszawski (Przerywnik)
85%
Szprycer Tlen
85%
Wosk Wosk
85%
Trójkąt warszawski Wszystko Jedno
85%
Szprycer 35
82%
Soma 0,5 mg (z Quebonafide) 8 kobiet
82%
0,25 mg (z Quebonafide) 8 kobiet - Remix
82%
Soma 0,5 mg (z Quebonafide) Art-B
82%
Umowa o dzieło Białkoholicy
82%
Cafe Belga Cafe Belga
82%
1-800-OŚWIECENIE Całe Lata
82%
1-800-OŚWIECENIE Cichosza
82%
Szprycer Dele
82%
club2020 - club2020 Deszcz
82%
Marmur Deszcz na betonie (?)
82%
(Singiel #2) Deszcz Na Betonie
82%
Europa Luxembourg
82%
1-800-OŚWIECENIE Niedziela
82%
Umowa o dzieło Od zera
82%
Asfalt 20 - Kompilacja | Flagey EP Pokedex
82%
Wosk Wiatr
82%
Marmur Witaj w hotelu Marmur
82%
Cafe Belga ZTM
82%
1-800-OŚWIECENIE 1000 Dni Freestyle
79%
Umowa o dzieło 100 kmh
79%
Wosk 515
79%
Umowa o dzieło Awizo
79%
Flagey EP Czarna kawa czeka
79%
Jarmark Dwuzłotówki Dancing
79%
Cafe Belga Fiji
79%
Soma 0,5 mg (z Quebonafide) Intro
79%
Soma 0,5 mg (z Quebonafide) Kryptowaluty
79%
1-800-OŚWIECENIE Main Stage Freestyle
79%
Marmur Mgła II (Mówisz, masz)
79%
Marmur Mgła I (Siwe włosy)
79%
1-800-OŚWIECENIE Może To Coś Zmieni?
79%
Soma 0,5 mg (z Quebonafide) Nóż
79%
1-800-OŚWIECENIE Pakiet Platinium
79%
Soma 0,5 mg (z Quebonafide) Soma
79%
Europa Toskania Outro
79%
Soma 0,5 mg (z Quebonafide) Visa
79%
0,25 mg (z Quebonafide) VISA - Remix
79%
Cafe Belga 4 AM in Girona
76%
POCZTÓWKA Z WWA, LATO '19 ALERT RCB
76%
Flagey EP Anja
76%
Flagey EP Bakayoko
76%
Szprycer Chodź
76%
Jarmark Łańcuch II: Korek
76%
Jarmark Łańcuch I: Kiosk
76%
Soma 0,5 mg (z Quebonafide) Metallica 808
76%
Europa Michael Essien Birthday Party
76%
Cafe Belga Modigliani
76%
Cafe Belga Motorola
76%
Europa Ortalion
76%
0,25 mg (z Quebonafide) Outro
76%
Cafe Belga Wszystko na niby
76%
Jarmark 1990s Utopia
74%
Cafe Belga Abonent jest czasowo niedostępny
74%
1-800-OŚWIECENIE Codziennie
74%
Soma 0,5 mg (z Quebonafide) Ekodiesel
74%
0,25 mg (z Quebonafide) Ekodiesel - Remix
74%
Marmur Grubo-chude psy
74%
Szprycer I.S.W.T
74%
Flagey EP Italodisco
74%
POCZTÓWKA Z WWA, LATO '19 KABRIOLETY
74%
Marmur Krwawa jesień
74%
Młody Matczak - Mata Kurtz
74%
club2020 - club2020 Malibu Barbie
74%
Soma 0,5 mg (z Quebonafide) Mleko & Miód
74%
Soma 0,5 mg (z Quebonafide) PIN
74%
Marmur Portier!
74%
Cafe Belga Reżyseria: Kubrick
74%
Szprycer Saldo '07
74%
Marmur Świat Jest WFem
74%
Wosk Szczerze
74%
ROMANTIC PSYCHO - Quebonafide TOKYO2020
74%
Cafe Belga 2031
71%
Cafe Belga Adieu
71%
Umowa o dzieło A mówiłem Ci
71%
audiotele - schafter bigos
71%
Kwiat polskiej młodzieży - Bedoes, Kubi Producent Chłopaki nie płaczą
71%
Europa Grand Prix
71%
Szprycer Karimata (Mute)
71%
Wosk Koła
71%
Jarmark Łańcuch III: Korpo
71%
0,25 mg (z Quebonafide) Moje demony uciekły na urlop
71%
Europa Na Paryskie Getto Pada Deszcz
71%
Jarmark Nie Mam Czasu
71%
Nowy Kolor - Otsochodzi Nowy Kolor
71%
Europa Pieniądz i Terror
71%
ROMANTIC PSYCHO - Quebonafide ROMANTICPSYCHO
71%
POCZTÓWKA Z WWA, LATO '19 SANATORIUM
71%
POCZTÓWKA Z WWA, LATO '19 TIJUANA
71%
Marmur To by było na tyle
71%
Jarmark W.N.P
71%
POCZTÓWKA Z WWA, LATO '19 WUJEK DOBRA RADA
71%
Marmur Żywot
71%
POCZTÓWKA Z WWA, LATO '19 ANTYSMOGOWA MASKA W MOIM CARRY-ON BAGGAGE
68%
Wosk BXL
68%
0,25 mg (z Quebonafide) C3PO
68%
Soma 0,5 mg (z Quebonafide) Giro d'Italia
68%
Jarmark Influenza
68%
Marmur Ściany mają uszy
68%
Asfalt 20 - Kompilacja | Marmur Świecące prostokąty
68%
Marmur Tsunami blond
68%
0,25 mg (z Quebonafide) Wiem - Remix
68%
POCZTÓWKA Z WWA, LATO '19 WYTRAWNE (Z NUTĄ DESPERACJI)
68%
0,25 mg (z Quebonafide) Benevento
65%
Europa Big Pharma
65%
Szprycer Głupi byt
65%
Europa Nie Ufam Sobie Sam
65%
Europa Pireneje
65%
Soma 0,5 mg (z Quebonafide) Sectumsempra
65%
Marmur Ślepe sumy
65%
Soma 0,5 mg (z Quebonafide) Wiem
65%
Europa WWA NIE Berlin
65%
POCZTÓWKA Z WWA, LATO '19 WWA VHS
65%
PRODUKT47 - Oki ADHD
62%
RODZINNY BIZNES - 2111, Bedoes 2115, White 2115 DRESSCODE
62%
Marmur Jak cień
62%
POCZTÓWKA Z WWA, LATO '19 LECI NOWY FUTURE
62%
Jarmark POL Smoke
62%
Jarmark Szczękościsk
62%
club2020 - club2020 club2020
59%
0,25 mg (z Quebonafide) Leonardo
59%
Jarmark Sznycel
59%
Europa Sztylet
59%
(Singiel #1) Tunarzywo
59%
1-800-OŚWIECENIE TU RADIO MARMUR #1
59%
1-800-OŚWIECENIE TU RADIO MARMUR #2
59%
Europa GBP Freestyle
56%
Wojtek Sokół - Sokół Napad na bankiet
56%
Jarmark Panie, to Wyście!
56%
POCZTÓWKA Z WWA, LATO '19 ALGORYTM
53%
YOUNG HEMS Fuck Your List
53%
WHO KILLED JFK (jako FV) Off-On
50%
Nowy Kolor - Otsochodzi SumieNIE
50%
Sumienie - Otsochodzi Sumienie - Asfalt 20 Remix
50%
Asfalt 20 - Kompilacja SumieNIE - Remix
50%
0,25 mg (z Quebonafide) TLC
50%
club2020 - club2020 Ej, mała!
47%
YOUNG HEMS Listening to Arctic Monkeys
47%
Digital Scale Music - Kaz Bałagane Nowe Szklane Domy
47%
Opowieści z Doliny Smoków - Bedoes, Lanek SAUVAGE
47%
club2020 Mixtape - club2020 O.N.A
44%
Perypetie - CatchUp (jako Pan Śmierć) Patrol
44%
Stamina - Gedz Yin Yang
44%
STAMINA (Suplement) - Gedz Yin Yang - Remix
44%
STAMINA (Suplement) - Gedz Yin Yang - Remix 2
44%
YOUNG HEMS Luck
41%
POCZTÓWKA Z WWA, LATO '19 WIELKI GATSBY Z BENZYNOWEJ STACJI
41%
(Singiel - Artur Rojek) A miało być jak we śnie
38%
YOUNG HEMS Blueberries
38%
YOUNG HEMS Chewbacca
38%
club2020 - club2020 CYPHER2022
38%
club2020 - club2020 Tak naprawdę
35%
KOMBINATORYKA - HAŁASTRA Zanim osiwieję
35%
YOUNG HEMS 22
32%
Asfalt 20 - Kompilacja | Tango - Rasmentalism, MENT Fast Food
32%
YOUNG HEMS Halle Berry
32%
club2020 - club2020 No weź
32%
Muzyka współczesna - Pezet 2K30
29%
Złoto i Biel - Kizo Niebieski Bentley
29%
WHO KILLED JFK (jako FV) Redwinebeer
29%
(Singiel #3) Taco Hemingway #hot16challenge2
29%
(Singiel jako TACONAFIDE) TACONAFIDE #hot16challenge2
29%
club2020 Mixtape - club2020 Dwa zero, dwa zero
26%
GIARDINO - TUZZA Globale HAUTE COUTURE
26%
I JEST TO MOŻLIWE mixtape - Dwa Sławy, Gruby Mielzky, Pers Spóła
26%
club2020 - club2020 Vertigo
26%
WHO KILLED JFK (jako FV) Bonfire (Remix)
24%
Prosto Mixtape Cztery - Różni Wykonawcy Lek Przeciwbólowy
24%
2119 EP - Bedoes, Lanek Lost
24%
Koń - Małe Miasta Postaranie
24%
Geniusz - Rasmentalism Lip Sync
21%
Geniusz (Deluxe) - Rasmentalism Lip Sync (Pepe. Remix)
21%
WHO KILLED JFK (jako FV) Nevermore
21%
WHO KILLED JFK (jako FV) Odd Mammal
18%
WHO KILLED JFK (jako FV) Such a Pretty Child
18%
Friendship - Catz 'n Dogz Yi Fang
15%
WHO KILLED JFK (jako FV) Booze To Glug
12%
WHO KILLED JFK (jako FV) Brilliant
12%
WHO KILLED JFK (jako FV) Fake Tits-Ghosts
12%
WHO KILLED JFK (jako FV) Gods, Mammals, Birds
12%
WHO KILLED JFK (jako FV) Krusty's Children
12%
WHO KILLED JFK (jako FV) Larry David Flow
9%
YOUNG HEMS Normal Man - Pop Vulture
9%
WHO KILLED JFK (jako FV) Not Like Hov
9%
WHO KILLED JFK (jako FV) Twenty Two
9%
WHO KILLED JFK (jako FV) Twists
9%
WHO KILLED JFK (jako FV) Stormtrooper with Horns
6%
Nie znaleziono quizów pasujących do podanych kryteriów
Rozkład punktacji
Procent ludzi z każdym wynikiem
Percentyl według liczby udzielonych odpowiedzi
Twoja historia wyników
Nie rozwiązałeś tego quizu od ostatniego zresetowania